000 00908nmm a2200277 a 4500
001 ocm0001256849
003 TR-IsHL
005 20201028160529.0
008 150709s2015 tu tur
007 cr cn
020 _a9786059851138
035 _a1256849
_b(N$T)
050 0 4 _aPR6113.C369
_bC3 2015
090 0 4 _aPR6113.C369
_bC3 2015
100 1 _aMcCarthy, Tom
245 1 0 _aC
_h[electronic resource] /
_cTom McCarthy ; İngilizceden çeviren Kaya Genç
260 _aİstanbul :
_bNotos Kitap Yayınevi,
_c2015
300 _a443 p.
650 4 _aDil ve Edebiyat
650 4 _aLanguage and Literature
650 0 _aİngiliz romanı
650 0 _aEnglish fiction
650 7 _aLITERARY COLLECTIONS / European / English, Irish, Scottish, Welsh
_2bisacsh
700 1 _aGenç, Kaya
856 4 0 _uhttp://search.ebscohost.com/login.aspx?direct=true&scope=site&db=e011xww&AN=1256849
999 _c13651
_d13651